00783nam a2200229Ia 4500008004100000020002200041040001800063041000800081100002800089245005000117246008300167260004400250300001800294490001200312500002200324650002300346651003300369651004300402651003600445651003400481651003800515130821s2011 ck gr spa  a978 958 8294 92 6 aCo-BoUCMbspa00aspa1 aSánchez Juliao, David13aDe viaje por el mundocDavid Sánchez Juliao14aDe Viaje por el mundobCrónicas y notas sobre experiencias en 70 países. aBogotá (Colombia)bEdiciones B.c2011 a302 páginas 0aCronica aIncluye índice. aHistoria universal aAsiaxDescripciones y viajes aEstados UnidosxDescripciones y viajes aHolandaxDescripciones y viajes aIndiaxDescripciones y viajes aVenezuelaxDescripciones y viajes